Сейсмическая опасность и управление сейсмическим риском на Кавказе (Запись № 3709957)

Подробности
000 -МАРКЕР
контрольное поле 02642nam0a2200421 i 4500
001 - ИДЕНТИФИКАТОР ЗАПИСИ
контрольное поле RU\NLR\bibl\1963159
005 - ИДЕНТИФИКАТОР ВЕРСИИ
контрольное поле 20260408094407.0
010 ## - МЕЖДУНАРОДНЫЙ СТАНДАРТНЫЙ НОМЕР КНИГИ (ISBN)
Номер (ISBN) 9785904868079
Тираж 500
021 ## - НОМЕР ГОСУДАРСТВЕННОЙ РЕГИСТРАЦИИ
Код страны Российская Федерация
Номер 2012-76853
Номер Листа государственной регистраци 5702
035 ## - ДРУГИЕ СИСТЕМНЫЕ НОМЕРА
Идентификатор записи (nilc)RSL-KNO-005508667
035 ## - ДРУГИЕ СИСТЕМНЫЕ НОМЕРА
Идентификатор записи (NLR Aleph) 001952145
100 ## - ДАННЫЕ ОБЩЕЙ ОБРАБОТКИ
Данные общей обработки 20121015d2011 k y0rusy50 ca
101 0# - ЯЗЫК РЕСУРСА
Язык текста, звукозаписи и т.д. русский
-- английский
102 ## - СТРАНА ПУБЛИКАЦИИ ИЛИ ПРОИЗВОДСТВА
Страна публикации Российская Федерация
105 ## - ПОЛЕ КОДИРОВАННЫХ ДАННЫХ: ТЕКСТОВЫЕ МАТЕРИАЛЫ, МОНОГРАФИЧЕСКИЕ
Кодированные данные о монографическом текстовом документе a zzzz|||||
200 1# - ЗАГЛАВИЕ И СВЕДЕНИЯ ОБ ОТВЕТСТВЕННОСТИ
Основное заглавие Сейсмическая опасность и управление сейсмическим риском на Кавказе
Параллельное заглавие Seismic hazard and seismic risk management in Caucasus
Сведения, относящиеся к заглавию труды IV Кавказской международной школы-семинара молодых ученых, Владикавказ, 24-26 октября 2011 г.
Первые сведения об ответственности [под ред. В. Б. Заалишвили]
Язык параллельного заглавия английский
210 ## - ПУБЛИКАЦИЯ, РАСПРОСТРАНЕНИЕ И ДР.
Место издания, распространения и т.д. Владикавказ
Имя издателя, распространителя и т. д. Центр геофизических исследований ВНЦ РАН и РСО-А
Дата издания, распространения и т.д. 2011
215 ## - ФИЗИЧЕСКАЯ ХАРАКТЕРИСТИКА
Специфическое обозначение материала и объем 459 с.
Другие сведения о физической характеристике ил., табл., цв. ил.
Размеры 21
300 ## - ОБЩИЕ ПРИМЕЧАНИЯ
Текст примечания В надзаг.: Российская акад. наук, Российская ассоц. по сейсмостойкому стр-ву и защите от природных и техногенных. воздействий, Владикавказский науч. центр, Центр геофиз. исслед.
300 ## - ОБЩИЕ ПРИМЕЧАНИЯ
Текст примечания Текст рус., англ.
320 ## - ПРИМЕЧАНИЯ О НАЛИЧИИ В ДОКУМЕНТЕ БИБЛИОГРАФИИ / УКАЗАТЕЛЯ
Текст примечания Библиогр. в конце докл.
510 1# - ПАРАЛЛЕЛЬНОЕ ЗАГЛАВИЕ
Параллельное заглавие Seismic hazard and seismic risk management in Caucasus
Язык заглавия английский
606 1# - НАИМЕНОВАНИЕ ТЕМЫ КАК ПРЕДМЕТ
Наименование темы Сейсмическая опасность
Формальный подзаголовок Съезды, совещания и т.п.
Географический подзаголовок Кавказ
Системный номер авторитетной/нормативной записи 2495106
Идентификатор авторитетной/нормативной записи RU\NLR\auth\661480196
606 1# - НАИМЕНОВАНИЕ ТЕМЫ КАК ПРЕДМЕТ
Наименование темы Сейсмостойкое строительство
Формальный подзаголовок Съезды, совещания и т.п.
Географический подзаголовок Кавказ
Системный номер авторитетной/нормативной записи 2613826
Идентификатор авторитетной/нормативной записи RU\NLR\auth\661550384
686 ## - ИНДЕКСЫ ДРУГИХ КЛАССИФИКАЦИЙ
Индекс Д9(24)217я431(0)
Код системы
686 ## - ИНДЕКСЫ ДРУГИХ КЛАССИФИКАЦИЙ
Индекс Д217я431(0)
Код системы
686 ## - ИНДЕКСЫ ДРУГИХ КЛАССИФИКАЦИЙ
Индекс Д217.9(24)я431(0)
686 ## - ИНДЕКСЫ ДРУГИХ КЛАССИФИКАЦИЙ
Индекс Н798я431(0)
702 #1 - ИМЯ ЛИЦА - ВТОРИЧНАЯ ОТВЕТСТВЕННОСТЬ
Начальный элемент ввода Заалишвили
Часть имени, кроме начального элемента ввода В. Б.
Расширение инициалов личного имени Владислав Борисович
Код отношения Редактор
711 12 - НАИМЕНОВАНИЕ ОРГАНИЗАЦИИ - АЛЬТЕРНАТИВНАЯ ОТВЕТСТВЕННОСТЬ
Начальный элемент ввода "Сейсмическая опасность и управление сейсмическим риском на Кавказе", кавказская международная школа-семинар молодых ученых
Порядковый номер временной организации и / или порядковый номер ее части 4
Дата проведения временной организации 2011
Место проведения временной организации Владикавказ
Идентификатор авторитетной/нормативной записи RU\NLR\AUTH\8810235217
Системный номер авторитетной/нормативной записи 355611
801 #0 - ИСТОЧНИК ЗАПИСИ
Страна Российская Федерация
Организация RuMoRKP
Дата составления 20121015
Правила каталогизации rcr
801 #1 - ИСТОЧНИК ЗАПИСИ
Страна Российская Федерация
Организация РГБ
Дата составления 20121015
801 #2 - ИСТОЧНИК ЗАПИСИ
Страна Российская Федерация
Организация NLR
Дата составления 20121102
Правила каталогизации rcr
942 ## - ДОПОЛНИТЕЛЬНЫЕ ЭЛЕМЕНТЫ ЗАПИСИ (АБИС)
Тип экземпляра АБИС Книга
980 ## - КОЛЛЕКЦИЯ
Название коллекции НБР

Нет доступных экземпляров.